College Football Programs by Win%: ACC - Statistics

General Stats
  • This quiz has been taken 26 times
  • The average score is 11 of 17
Answer Stats
Win % Team % Correct
66.65 Florida State
100%
62.49 Clemson
89%
62.78 Miami
79%
59.96 Virginia Tech
79%
58.06 Georgia Tech
68%
57.34 Pittsburgh
68%
51.49 NC State
58%
56.26 North Carolina
58%
51.41 Virginia
58%
41.94 Wake Forest
58%
56.561 California
53%
49.43 Duke
53%
56.564 Syracuse
53%
56.74 Boston College
47%
56.69 Stanford
47%
52.51 Louisville
42%
49.10 SMU
42%
No matching quizzes found
Score Distribution
Percent of People with Each Score
Percentile by Number Answered
Your Score History
You have not taken this quiz